| 000 | 01036nam a2200313 i 4500 | ||
|---|---|---|---|
| 001 | 000044651 | ||
| 003 | OSt | ||
| 005 | 20240118075644.0 | ||
| 007 | ta | ||
| 008 | 141211s2011 dr 000 0 spa d | ||
| 020 | _a9789945420999 | ||
| 040 |
_aDO-SdBNP _bspa _cBPMSU _erda |
||
| 082 | 4 |
_aRD863.44 _bR789a 2011 _222 |
|
| 100 | 1 |
_aRosario Candelier, Bruno, _d1941- _eautor |
|
| 245 | 1 | 3 |
_aLa aventura visionaria : _bencanto y sentido de la ficción / _cBruno Rosario Candelier. |
| 264 |
_aSanto Domingo : _bAcademia Dominicana de la Lengua, _c2011. |
||
| 300 |
_a485 páginas ; _c23 cm. |
||
| 336 |
_2rdacontent _atexto _btxt |
||
| 337 |
_2rdamedia _asin mediación _bn |
||
| 338 |
_2rdacarrier _avolumen _bnc |
||
| 490 | 0 |
_aPor las amenas liras ; _v10 |
|
| 500 | _aIncluye datos biográficos del autor en las solapas | ||
| 590 | _aInventariado, 2024 /VM | ||
| 650 | 4 | _aNovela dominicana | |
| 650 | 4 | _aLiteratura dominicana | |
| 710 | 2 | _aAcademia Dominicana de la Lengua | |
| 910 | _aVMateo V. Control de calidad BPMSU | ||
| 942 |
_2ddc _cBK |
||
| 999 |
_c14532 _d14532 |
||